[Event "DEM U12w 2021"]
[Site "Willingen GER"]
[Date "2021.08.23"]
[Round "1"]
[White "Stepanjan, Tatevik Mia"]
[Black "Trunz, Tamila"]
[Result "0-1"]
[Termination "normal"]
[Board "12"]
[WhiteElo "1170"]
[BlackElo "1353"]
[WhiteClock "00:37:42"]
[BlackClock "00:01:36"]
[PlyCount "100"]
[WhiteFideId "16246128"]
[BlackFideId "16267885"]
[EventCountry "GER"]
[EventRounds "9"]
[EventType "swiss"]
[EventDate "2021.08.22"]

1. e4 {[%clk 1:30:56]} e5 {[%clk 1:30:50]} 2. Nf3 {[%clk 1:31:19]} Nc6 {[%clk
1:30:47]} 3. Bb5 {[%clk 1:31:33]} a6 {[%clk 1:30:54]} 4. Ba4 {[%clk 1:31:33]}
Nf6 {[%clk 1:30:34]} 5. d3 {[%clk 1:31:10]} Bc5 {[%clk 1:29:26]} 6. O-O {[%clk
1:29:11]} d6 {[%clk 1:29:02]} 7. c3 {[%clk 1:23:29]} b5 {[%clk 1:27:50]} 8. Bb3
{[%clk 1:22:12]} h6 {[%clk 1:27:27]} 9. d4 {[%clk 1:19:25]} Bb6 {[%clk
1:26:52]} 10. Re1 {[%clk 1:16:24]} O-O {[%clk 1:22:56]} 11. h3 {[%clk 1:14:46]}
Bb7 {[%clk 1:18:54]} 12. Bd5 {[%clk 1:12:00]} exd4 {[%clk 1:16:00]} 13. Nxd4
{[%clk 1:10:20]} Bxd4 {[%clk 1:14:35]} 14. cxd4 {[%clk 1:09:33]} Nxd5 {[%clk
1:12:49]} 15. exd5 {[%clk 1:07:21]} Nb4 {[%clk 1:08:19]} 16. Nc3 {[%clk
1:06:03]} Qf6 {[%clk 1:02:38]} 17. a3 {[%clk 1:01:54]} Nxd5 {[%clk 1:01:55]}
18. Nxd5 {[%clk 1:01:24]} Bxd5 {[%clk 1:02:13]} 19. Qg4 {[%clk 1:01:16]} Rfe8
{[%clk 0:58:06]} 20. Bf4 {[%clk 0:56:25]} Rxe1+ {[%clk 0:46:59]} 21. Rxe1
{[%clk 0:55:40]} Qxd4 {[%clk 0:40:21]} 22. Re7 {[%clk 0:54:45]} g5 {[%clk
0:33:11]} 23. g3 {[%clk 0:52:42]} Kf8 {[%clk 0:29:00]} 24. Bxd6 {[%clk
0:48:42]} Qxg4 {[%clk 0:19:36]} 25. Rxc7+ {[%clk 0:48:46]} Kg7 {[%clk 0:19:23]}
26. hxg4 {[%clk 0:48:56]} Re8 {[%clk 0:17:00]} 27. Rc1 {[%clk 0:47:26]} Kg6
{[%clk 0:16:26]} 28. f4 {[%clk 0:46:45]} Bf3 {[%clk 0:14:26]} 29. f5+ {[%clk
0:46:17]} Kg7 {[%clk 0:14:31]} 30. Rf1 {[%clk 0:45:44]} Bxg4 {[%clk 0:14:34]}
31. f6+ {[%clk 0:45:46]} Kg6 {[%clk 0:14:32]} 32. Rc1 {[%clk 0:43:18]} Kxf6
{[%clk 0:11:56]} 33. Rc6 {[%clk 0:42:43]} Kf5 {[%clk 0:04:06]} 34. Rxa6 {[%clk
0:41:32]} Re2 {[%clk 0:04:06]} 35. b4 {[%clk 0:40:43]} Rd2 {[%clk 0:02:51]} 36.
a4 {[%clk 0:39:32]} bxa4 {[%clk 0:02:50]} 37. Rxa4 {[%clk 0:39:41]} Rxd6 {[%clk
0:03:10]} 38. b5 {[%clk 0:39:31]} Be2 {[%clk 0:02:11]} 39. Ra1 {[%clk 0:38:57]}
Rb6 {[%clk 0:02:08]} 40. Rb1 {[%clk 0:39:21]} Rxb5 {[%clk 0:02:08]} 41. Rxb5+
{[%clk 0:39:32]} Bxb5 {[%clk 0:02:27]} 42. Kh2 {[%clk 0:39:44]} Kg4 {[%clk
0:02:30]} 43. Kg2 {[%clk 0:40:00]} h5 {[%clk 0:02:36]} 44. Kf2 {[%clk 0:40:17]}
f5 {[%clk 0:02:32]} 45. Kg2 {[%clk 0:39:46]} f4 {[%clk 0:02:34]} 46. Kf2 {[%clk
0:38:35]} f3 {[%clk 0:01:58]} 47. Kg1 {[%clk 0:38:14]} Kxg3 {[%clk 0:01:24]}
48. Kh1 {[%clk 0:38:18]} Ba6 {[%clk 0:01:23]} 49. Kg1 {[%clk 0:37:47]} f2+
{[%clk 0:01:36]} 50. Kh1 {[%clk 0:37:42]} f1=Q# 0-1

[Event "DEM U12w 2021"]
[Site "Willingen GER"]
[Date "2021.08.23"]
[Round "1"]
[White "Schülke, Rosalie"]
[Black "Strübel, Katharina"]
[Result "1-0"]
[Termination "normal"]
[Board "13"]
[WhiteElo "1423"]
[BlackElo "1154"]
[WhiteClock "01:29:33"]
[BlackClock "01:30:45"]
[PlyCount "115"]
[WhiteFideId "16287436"]
[BlackFideId "16284879"]
[EventCountry "GER"]
[EventRounds "9"]
[EventType "swiss"]
[EventDate "2021.08.22"]

1. e4 {[%clk 1:30:57]} e5 {[%clk 1:30:26]} 2. Nf3 {[%clk 1:30:57]} Nf6 {[%clk
1:30:26]} 3. Nxe5 {[%clk 1:30:57]} Nc6 {[%clk 1:30:26]} 4. Nxc6 {[%clk
1:30:57]} dxc6 {[%clk 1:30:26]} 5. d4 {[%clk 1:29:33]} Nxe4 {[%clk 1:30:45]} 6.
Be3 {[%clk 1:29:33]} Be6 {[%clk 1:30:45]} 7. Bd3 {[%clk 1:29:33]} Bf5 {[%clk
1:30:45]} 8. Qf3 {[%clk 1:29:33]} Bb4+ {[%clk 1:30:45]} 9. Nd2 {[%clk 1:29:33]}
Nxd2 {[%clk 1:30:45]} 10. Bxd2 {[%clk 1:29:33]} Bxd2+ {[%clk 1:30:45]} 11. Kxd2
{[%clk 1:29:33]} Bxd3 {[%clk 1:30:45]} 12. Rhe1+ {[%clk 1:29:33]} Kf8 {[%clk
1:30:45]} 13. Kxd3 {[%clk 1:29:33]} c5 {[%clk 1:30:45]} 14. Qxb7 {[%clk
1:29:33]} Qxd4+ {[%clk 1:30:45]} 15. Ke2 {[%clk 1:29:33]} Re8+ {[%clk 1:30:45]}
16. Kf1 {[%clk 1:29:33]} Qc4+ {[%clk 1:30:45]} 17. Kg1 {[%clk 1:29:33]} Rxe1+
{[%clk 1:30:45]} 18. Rxe1 {[%clk 1:29:33]} g6 {[%clk 1:30:45]} 19. Qxc7 {[%clk
1:29:33]} Qxc2 {[%clk 1:30:45]} 20. Qxa7 {[%clk 1:29:33]} Kg7 {[%clk 1:30:45]}
21. a4 {[%clk 1:29:33]} Rd8 {[%clk 1:30:45]} 22. h3 {[%clk 1:29:33]} Rd1 {[%clk
1:30:45]} 23. Rxd1 {[%clk 1:29:33]} Qxd1+ {[%clk 1:30:45]} 24. Kh2 {[%clk
1:29:33]} Qd4 {[%clk 1:30:45]} 25. Qc7 {[%clk 1:29:33]} Qxa4 {[%clk 1:30:45]}
26. Qxc5 {[%clk 1:29:33]} Qb3 {[%clk 1:30:45]} 27. Qc3+ {[%clk 1:29:33]} Qxc3
{[%clk 1:30:45]} 28. bxc3 {[%clk 1:29:33]} Kf6 {[%clk 1:30:45]} 29. Kg3 {[%clk
1:29:33]} Ke5 {[%clk 1:30:45]} 30. Kg4 {[%clk 1:29:33]} f6 {[%clk 1:30:45]} 31.
Kf3 {[%clk 1:29:33]} Kd5 {[%clk 1:30:45]} 32. Ke3 {[%clk 1:29:33]} Kc4 {[%clk
1:30:45]} 33. Kd2 {[%clk 1:29:33]} h6 {[%clk 1:30:45]} 34. f4 {[%clk 1:29:33]}
g5 {[%clk 1:30:45]} 35. fxg5 {[%clk 1:29:33]} hxg5 {[%clk 1:30:45]} 36. g4
{[%clk 1:29:33]} Kc5 {[%clk 1:30:45]} 37. Ke3 {[%clk 1:29:33]} Kc4 {[%clk
1:30:45]} 38. Ke4 {[%clk 1:29:33]} Kxc3 {[%clk 1:30:45]} 39. Kf5 {[%clk
1:29:33]} Kd4 {[%clk 1:30:45]} 40. Kxf6 {[%clk 1:29:33]} Ke4 {[%clk 1:30:45]}
41. Kxg5 {[%clk 1:29:33]} Ke5 {[%clk 1:30:45]} 42. h4 {[%clk 1:29:33]} Ke6
{[%clk 1:30:45]} 43. Kg6 {[%clk 1:29:33]} Ke7 {[%clk 1:30:45]} 44. Kg7 {[%clk
1:29:33]} Ke8 {[%clk 1:30:45]} 45. h5 {[%clk 1:29:33]} Ke7 {[%clk 1:30:45]} 46.
h6 {[%clk 1:29:33]} Ke8 {[%clk 1:30:45]} 47. h7 {[%clk 1:29:33]} Ke7 {[%clk
1:30:45]} 48. h8=Q {[%clk 1:29:33]} Ke6 {[%clk 1:30:45]} 49. Qe8+ {[%clk
1:29:33]} Kd5 {[%clk 1:30:45]} 50. Kf6 {[%clk 1:29:33]} Kc5 {[%clk 1:30:45]}
51. Qd8 {[%clk 1:29:33]} Kb5 {[%clk 1:30:45]} 52. Qc8 {[%clk 1:29:33]} Kb6
{[%clk 1:30:45]} 53. Ke6 {[%clk 1:29:33]} Ka7 {[%clk 1:30:45]} 54. Qc1 {[%clk
1:29:33]} Kb6 {[%clk 1:30:45]} 55. Kd5 {[%clk 1:29:33]} Ka6 {[%clk 1:30:45]}
56. Qb1 {[%clk 1:29:33]} Ka7 {[%clk 1:30:45]} 57. Kc6 {[%clk 1:29:33]} Ka8
{[%clk 1:30:45]} 58. Qb7# {[%clk 1:29:33]} 1-0

[Event "DEM U12w 2021"]
[Site "Willingen GER"]
[Date "2021.08.23"]
[Round "1"]
[White "Vogt, Luna"]
[Black "Hergenröder, Cora"]
[Result "0-1"]
[Termination "normal"]
[Board "14"]
[WhiteElo "1147"]
[BlackElo "1463"]
[PlyCount "40"]
[WhiteFideId "34607153"]
[BlackFideId "34603700"]
[EventCountry "GER"]
[EventRounds "9"]
[EventType "swiss"]
[EventDate "2021.08.22"]

1. d4 d5 2. c4 c6 3. Nf3 Nf6 4. Nc3 e6 5. Bg5 Be7 6. e3 Nbd7 7. Qc2 b6 8. cxd5
Nxd5 9. Bxe7 Nxe7 10. Bd3 Bb7 11. O-O Rc8 12. Ne4 Nf6 13. Nxf6+ gxf6 14. Qa4 a5
15. Nd2 f5 16. Rac1 Rg8 17. f3 Nd5 18. e4 Nf4 19. Qc2 Rxg2+ 20. Kh1 Qh4 0-1

[Event "DEM U12w 2021"]
[Site "Willingen GER"]
[Date "2021.08.23"]
[Round "1"]
[White "Moldovan, Stela"]
[Black "Neumeier, Valentina"]
[Result "1-0"]
[Termination "normal"]
[Board "15"]
[WhiteElo "1251"]
[BlackElo "1128"]
[WhiteClock "01:25:44"]
[BlackClock "00:53:59"]
[PlyCount "107"]
[WhiteFideId "16287380"]
[BlackFideId "34608222"]
[EventCountry "GER"]
[EventRounds "9"]
[EventType "swiss"]
[EventDate "2021.08.22"]

1. e4 {[%clk 1:30:52]} e5 {[%clk 1:30:56]} 2. Nf3 {[%clk 1:31:17]} Nc6 {[%clk
1:31:17]} 3. Bb5 {[%clk 1:31:39]} a6 {[%clk 1:31:40]} 4. Ba4 {[%clk 1:32:04]}
b5 {[%clk 1:32:03]} 5. Bb3 {[%clk 1:32:28]} Nf6 {[%clk 1:32:20]} 6. d4 exd4 7.
O-O {[%clk 1:30:32]} Bb7 {[%clk 1:23:24]} 8. Re1 {[%clk 1:30:20]} Ng4 9. e5
{[%clk 1:28:09]} a5 {[%clk 1:07:29]} 10. a3 {[%clk 1:25:33]} a4 {[%clk
1:07:00]} 11. Ba2 {[%clk 1:25:52]} Bc5 {[%clk 1:03:51]} 12. h3 Nxf2 {[%clk
0:57:04]} 13. Kxf2 {[%clk 1:24:05]} d3+ {[%clk 0:57:02]} 14. Be3 {[%clk
1:24:20]} Bxe3+ {[%clk 0:57:01]} 15. Rxe3 {[%clk 1:24:32]} dxc2 {[%clk
0:57:20]} 16. Qxc2 {[%clk 1:24:29]} O-O {[%clk 0:57:17]} 17. Kg1 {[%clk
1:23:16]} d6 {[%clk 0:55:18]} 18. exd6 {[%clk 1:19:48]} Qxd6 {[%clk 0:54:21]}
19. Nbd2 {[%clk 1:19:24]} Nd4 {[%clk 0:53:19]} 20. Qd3 {[%clk 1:18:11]} Nxf3+
{[%clk 0:52:39]} 21. Nxf3 {[%clk 1:18:21]} Qxd3 {[%clk 0:51:40]} 22. Rxd3
{[%clk 1:18:36]} Bxf3 {[%clk 0:51:22]} 23. Rxf3 {[%clk 1:18:55]} Rab8 {[%clk
0:50:54]} 24. Raf1 {[%clk 1:19:04]} b4 {[%clk 0:50:01]} 25. axb4 {[%clk
1:19:13]} Rxb4 {[%clk 0:50:18]} 26. Rxf7 {[%clk 1:19:36]} Rxf7 {[%clk 0:49:58]}
27. Rxf7 {[%clk 1:20:01]} Rxb2 {[%clk 0:49:45]} 28. Rf2+ {[%clk 1:20:10]} Rxa2
{[%clk 0:49:46]} 29. Rxa2 {[%clk 1:20:29]} Kf7 {[%clk 0:49:54]} 30. Rxa4 {[%clk
1:20:44]} Ke6 {[%clk 0:50:03]} 31. Kf2 {[%clk 1:21:03]} Kd5 {[%clk 0:49:53]}
32. Ke3 {[%clk 1:21:12]} c5 {[%clk 0:50:08]} 33. Kd3 {[%clk 1:21:14]} h5 {[%clk
0:49:33]} 34. Ra7 {[%clk 1:20:43]} c4+ {[%clk 0:49:47]} 35. Kc3 {[%clk
1:21:01]} g5 {[%clk 0:49:41]} 36. Rg7 {[%clk 1:20:53]} g4 {[%clk 0:49:49]} 37.
Rg5+ {[%clk 1:21:17]} Ke4 {[%clk 0:49:53]} 38. Rxh5 {[%clk 1:21:09]} gxh3
{[%clk 0:49:52]} 39. Rxh3 {[%clk 1:21:22]} Kf4 {[%clk 0:50:11]} 40. Rh8 {[%clk
1:21:39]} Kg3 {[%clk 0:50:18]} 41. Rg8+ {[%clk 1:21:56]} Kf4 {[%clk 0:50:27]}
42. g4 {[%clk 1:22:10]} Ke5 {[%clk 0:50:41]} 43. Rf8 {[%clk 1:22:29]} Ke6
{[%clk 0:50:57]} 44. g5 {[%clk 1:22:50]} Ke7 {[%clk 0:51:16]} 45. Rf1 {[%clk
1:23:15]} Ke6 {[%clk 0:51:30]} 46. g6 {[%clk 1:23:37]} Ke7 {[%clk 0:51:52]} 47.
g7 {[%clk 1:23:55]} Ke6 {[%clk 0:52:15]} 48. g8=Q+ {[%clk 1:24:17]} Ke5 {[%clk
0:52:22]} 49. Rd1 {[%clk 1:24:22]} Ke4 {[%clk 0:52:38]} 50. Qxc4+ {[%clk
1:24:44]} Ke5 {[%clk 0:52:59]} 51. Qe2+ {[%clk 1:25:00]} Kf5 {[%clk 0:53:19]}
52. Rf1+ {[%clk 1:25:23]} Kg5 {[%clk 0:53:41]} 53. Qg2+ {[%clk 1:25:44]} Kh4
{[%clk 0:53:59]} 54. Rh1# 1-0

[Event "DEM U12w 2021"]
[Site "Willingen GER"]
[Date "2021.08.23"]
[Round "1"]
[White "Tran, Hanna Emilie Mai Hoa"]
[Black "Flierl, Veronika"]
[Result "1-0"]
[Termination "normal"]
[Board "16"]
[WhiteElo "1077"]
[BlackElo "1372"]
[WhiteClock "01:00:22"]
[BlackClock "00:29:34"]
[PlyCount "125"]
[WhiteFideId "16267869"]
[BlackFideId "34603697"]
[EventCountry "GER"]
[EventRounds "9"]
[EventType "swiss"]
[EventDate "2021.08.22"]

1. e4 {[%clk 1:30:57]} c6 {[%clk 1:30:57]} 2. d4 {[%clk 1:31:21]} d5 {[%clk
1:31:23]} 3. Nc3 {[%clk 1:31:46]} dxe4 {[%clk 1:31:46]} 4. Nxe4 {[%clk
1:32:10]} Bf5 {[%clk 1:32:07]} 5. Ng3 {[%clk 1:32:29]} Bg6 {[%clk 1:32:29]} 6.
Nf3 {[%clk 1:32:53]} Nd7 {[%clk 1:32:48]} 7. Bd3 {[%clk 1:33:04]} Bxd3 {[%clk
1:32:48]} 8. Qxd3 {[%clk 1:33:28]} Ngf6 {[%clk 1:31:17]} 9. Be3 {[%clk
1:33:43]} Qc7 {[%clk 1:31:20]} 10. O-O-O {[%clk 1:33:37]} O-O-O {[%clk
1:31:31]} 11. Qa3 {[%clk 1:32:04]} Kb8 12. d5 a6 {[%clk 1:24:14]} 13. Ne2
{[%clk 1:31:03]} cxd5 {[%clk 1:15:33]} 14. Nc3 e6 {[%clk 1:14:38]} 15. Qa4
{[%clk 1:28:48]} Bd6 16. g3 {[%clk 1:24:58]} Rc8 {[%clk 1:03:53]} 17. Nb5
{[%clk 1:24:43]} Nb6 {[%clk 1:00:18]} 18. Bxb6 {[%clk 1:20:24]} Qxb6 {[%clk
1:00:35]} 19. Nxd6 {[%clk 1:20:22]} Qxd6 {[%clk 1:00:51]} 20. Ng5 {[%clk
1:19:38]} Rc7 {[%clk 0:59:45]} 21. Rd2 {[%clk 1:19:26]} h6 {[%clk 0:56:36]} 22.
Nf3 {[%clk 1:19:03]} Rhc8 {[%clk 0:55:50]} 23. Re1 {[%clk 1:16:44]} Rc4 {[%clk
0:52:25]} 24. Qb3 {[%clk 1:15:47]} Ne4 {[%clk 0:48:42]} 25. Rde2 {[%clk
1:14:52]} Rb4 {[%clk 0:46:41]} 26. Qd3 {[%clk 1:14:12]} Qb6 {[%clk 0:44:40]}
27. Ne5 {[%clk 1:13:13]} Rc7 {[%clk 0:40:29]} 28. b3 {[%clk 1:06:19]} Nc3
{[%clk 0:39:02]} 29. Qxc3 {[%clk 1:02:54]} f6 {[%clk 0:37:15]} 30. Qe3 {[%clk
1:02:46]} fxe5 {[%clk 0:35:59]} 31. Qxb6 {[%clk 1:03:03]} Rxb6 {[%clk 0:36:21]}
32. Rxe5 {[%clk 1:03:09]} Re7 {[%clk 0:36:19]} 33. Kb2 {[%clk 1:03:11]} Kc8
{[%clk 0:36:30]} 34. f4 {[%clk 1:03:01]} Kd7 {[%clk 0:34:55]} 35. f5 {[%clk
1:02:45]} Rc6 {[%clk 0:34:48]} 36. fxe6+ {[%clk 1:02:33]} Rcxe6 {[%clk
0:35:09]} 37. Rxd5+ {[%clk 1:02:46]} Kc6 {[%clk 0:35:15]} 38. Rxe6+ {[%clk
1:03:01]} Rxe6 {[%clk 0:35:39]} 39. Rd3 {[%clk 1:03:12]} Re2 {[%clk 0:35:58]}
40. Rc3+ {[%clk 1:03:31]} Kd6 {[%clk 0:35:56]} 41. h4 {[%clk 1:03:45]} Re4
{[%clk 0:35:10]} 42. a4 {[%clk 1:03:47]} a5 {[%clk 0:33:46]} 43. Rd3+ {[%clk
1:03:37]} Kc6 {[%clk 0:33:49]} 44. Rf3 {[%clk 1:03:14]} Rg4 {[%clk 0:33:45]}
45. c3 {[%clk 1:03:19]} b6 {[%clk 0:33:24]} 46. b4 {[%clk 1:03:37]} axb4 {[%clk
0:33:35]} 47. cxb4 {[%clk 1:03:50]} Rxb4+ {[%clk 0:33:55]} 48. Ka3 {[%clk
1:04:16]} Rc4 {[%clk 0:32:56]} 49. Kb3 {[%clk 1:04:32]} Re4 {[%clk 0:31:22]}
50. Rc3+ {[%clk 1:04:37]} Kd5 {[%clk 0:31:29]} 51. Rd3+ {[%clk 1:04:50]} Kc6
{[%clk 0:31:42]} 52. Ka3 {[%clk 1:04:25]} Re8 {[%clk 0:31:02]} 53. Rc3+ {[%clk
1:04:40]} Kb7 {[%clk 0:31:13]} 54. Kb4 {[%clk 1:04:43]} Re5 55. g4 {[%clk
1:03:33]} Re1 {[%clk 0:29:11]} 56. Rg3 {[%clk 1:02:23]} Ka6 {[%clk 0:28:50]}
57. Rd3 {[%clk 1:01:53]} Re4+ {[%clk 0:28:59]} 58. Kb3 {[%clk 1:01:55]} Rxg4
{[%clk 0:29:18]} 59. h5 {[%clk 1:01:34]} Ka5 {[%clk 0:29:22]} 60. Rd5+ {[%clk
1:01:19]} Ka6 {[%clk 0:29:37]} 61. Ka3 {[%clk 1:00:35]} Rg5 {[%clk 0:29:37]}
62. Rd7 Ka5 {[%clk 0:29:34]} 63. Ra7# {[%clk 1:00:22]} 1-0

[Event "DEM U12w 2021"]
[Site "Willingen GER"]
[Date "2021.08.23"]
[Round "1"]
[White "Hoffmann, Svenja"]
[Black "Milman, Sophie"]
[Result "0-1"]
[Termination "normal"]
[Board "17"]
[WhiteElo "1307"]
[BlackElo "1024"]
[WhiteClock "01:25:46"]
[BlackClock "00:57:59"]
[PlyCount "114"]
[WhiteFideId "16287312"]
[BlackFideId "34608885"]
[EventCountry "GER"]
[EventRounds "9"]
[EventType "swiss"]
[EventDate "2021.08.22"]

1. e4 {[%clk 1:30:57]} e5 {[%clk 1:30:55]} 2. Nf3 {[%clk 1:31:23]} Nc6 {[%clk
1:31:18]} 3. Bc4 {[%clk 1:31:47]} Bc5 {[%clk 1:31:36]} 4. c3 {[%clk 1:31:56]}
Nf6 {[%clk 1:31:54]} 5. d4 {[%clk 1:32:06]} exd4 {[%clk 1:32:05]} 6. e5 {[%clk
1:32:21]} d5 {[%clk 1:32:19]} 7. Bb5 {[%clk 1:32:44]} Ne4 {[%clk 1:32:14]} 8.
cxd4 {[%clk 1:33:05]} Bb6 {[%clk 1:32:29]} 9. Nc3 {[%clk 1:33:22]} Bg4 {[%clk
1:32:20]} 10. Be3 {[%clk 1:33:08]} O-O {[%clk 1:29:34]} 11. h3 {[%clk 1:33:05]}
Bd7 {[%clk 1:28:54]} 12. Qc1 {[%clk 1:33:05]} h6 {[%clk 1:28:14]} 13. Bd3
{[%clk 1:32:54]} Bf5 {[%clk 1:27:04]} 14. g4 {[%clk 1:32:03]} Nxf2 {[%clk
1:24:55]} 15. Kxf2 {[%clk 1:31:20]} Bxd3 {[%clk 1:24:50]} 16. Qd2 {[%clk
1:31:41]} Be4 {[%clk 1:23:43]} 17. h4 {[%clk 1:31:28]} f6 {[%clk 1:22:26]} 18.
Rh3 {[%clk 1:31:29]} fxe5 {[%clk 1:20:54]} 19. Ke2 {[%clk 1:31:10]} Bxf3+
{[%clk 1:18:41]} 20. Rxf3 {[%clk 1:31:23]} Rxf3 {[%clk 1:18:46]} 21. Kxf3
{[%clk 1:31:45]} Qf6+ {[%clk 1:17:36]} 22. Kg3 exd4 23. g5 {[%clk 1:28:47]}
dxc3 {[%clk 1:14:09]} 24. Qxd5+ {[%clk 1:29:01]} Qf7 {[%clk 1:12:56]} 25. Qd3
{[%clk 1:28:21]} cxb2 {[%clk 1:10:12]} 26. Rf1 {[%clk 1:27:57]} Qxa2 {[%clk
1:08:37]} 27. gxh6 {[%clk 1:27:55]} Bxe3 {[%clk 1:07:25]} 28. hxg7 {[%clk
1:24:35]} Qe6 29. Kh2 Ne5 {[%clk 1:03:11]} 30. Qe2 {[%clk 1:23:49]} Ng4+ {[%clk
1:02:38]} 31. Kg2 {[%clk 1:23:17]} Qe4+ {[%clk 1:01:30]} 32. Kh3 {[%clk
1:23:19]} b1=Q {[%clk 1:00:26]} 33. Rxb1 {[%clk 1:23:22]} Nf2+ {[%clk 0:59:24]}
34. Kg3 {[%clk 1:22:53]} Qxb1 {[%clk 0:57:49]} 35. Qc4+ {[%clk 1:23:08]} Kh7
{[%clk 0:57:11]} 36. Qf7 {[%clk 1:22:14]} Qg6+ {[%clk 0:56:03]} 37. Qxg6+
{[%clk 1:20:16]} Kxg6 {[%clk 0:56:20]} 38. Kf3 {[%clk 1:20:21]} Bb6 {[%clk
0:56:19]} 39. h5+ {[%clk 1:20:28]} Kxg7 {[%clk 0:56:18]} 40. h6+ {[%clk
1:20:47]} Kxh6 {[%clk 0:56:38]} 41. Kg2 {[%clk 1:21:13]} a5 {[%clk 0:56:51]}
42. Kh2 {[%clk 1:21:34]} a4 {[%clk 0:57:08]} 43. Kg2 {[%clk 1:22:00]} Rg8+
{[%clk 0:57:12]} 44. Kh2 {[%clk 1:22:23]} Rg2+ {[%clk 0:57:13]} 45. Kxg2 {[%clk
1:22:42]} a3 {[%clk 0:57:36]} 46. Kh2 {[%clk 1:23:08]} a2 {[%clk 0:57:33]} 47.
Kg2 {[%clk 1:23:34]} a1=Q 48. Kh2 Qh1+ {[%clk 0:57:25]} 49. Kg3 {[%clk
1:23:58]} Qh3+ {[%clk 0:57:37]} 50. Kf4 {[%clk 1:24:21]} Nd3+ {[%clk 0:57:50]}
51. Ke4 {[%clk 1:24:41]} Qe3+ {[%clk 0:58:06]} 52. Kd5 {[%clk 1:24:54]} Nb4+
{[%clk 0:58:23]} 53. Kc4 {[%clk 1:25:14]} Qd3+ {[%clk 0:57:43]} 54. Kxb4 Kg6
55. Ka4 {[%clk 1:25:22]} Qb1 {[%clk 0:57:52]} 56. Ka3 {[%clk 1:25:43]} Bc5+
{[%clk 0:57:59]} 57. Ka4 {[%clk 1:25:46]} Qb4# 0-1

[Event "DEM U12w 2021"]
[Site "Willingen GER"]
[Date "2021.08.23"]
[Round "1"]
[White "Kopylov, Diana"]
[Black "Müller, Cosima"]
[Result "0-1"]
[Termination "normal"]
[Board "18"]
[WhiteElo "1007"]
[BlackElo "1389"]
[WhiteClock "00:27:14"]
[BlackClock "00:48:03"]
[PlyCount "68"]
[WhiteFideId "16268865"]
[BlackFideId "34601490"]
[EventCountry "GER"]
[EventRounds "9"]
[EventType "swiss"]
[EventDate "2021.08.22"]

1. d4 {[%clk 1:30:55]} Nf6 {[%clk 1:30:48]} 2. c4 {[%clk 1:30:44]} c5 {[%clk
1:31:12]} 3. Nf3 {[%clk 1:30:17]} b5 {[%clk 1:29:41]} 4. b3 {[%clk 1:29:13]} g6
{[%clk 1:28:35]} 5. Bg5 {[%clk 1:26:16]} Bg7 {[%clk 1:27:34]} 6. e3 {[%clk
1:24:45]} bxc4 {[%clk 1:22:33]} 7. Bxc4 {[%clk 1:20:44]} d5 {[%clk 1:22:11]} 8.
Bd3 {[%clk 1:20:15]} O-O {[%clk 1:21:28]} 9. O-O {[%clk 1:19:20]} Nc6 {[%clk
1:20:31]} 10. Nc3 {[%clk 1:06:44]} Bg4 {[%clk 1:09:39]} 11. Be2 {[%clk
1:02:18]} Ne4 {[%clk 1:05:55]} 12. Nxe4 {[%clk 0:45:55]} dxe4 {[%clk 1:06:15]}
13. Nd2 {[%clk 0:46:07]} Bxe2 {[%clk 1:06:06]} 14. Qxe2 {[%clk 0:46:23]} cxd4
{[%clk 1:06:19]} 15. Rac1 {[%clk 0:44:42]} d3 {[%clk 0:58:05]} 16. Qd1 {[%clk
0:43:36]} Qd5 {[%clk 0:58:11]} 17. Bf4 {[%clk 0:43:13]} Rac8 {[%clk 0:54:44]}
18. Rc4 {[%clk 0:41:33]} f5 {[%clk 0:54:31]} 19. f3 {[%clk 0:39:57]} exf3
{[%clk 0:52:54]} 20. Nxf3 {[%clk 0:37:10]} e5 {[%clk 0:51:46]} 21. Bg3 {[%clk
0:35:54]} e4 {[%clk 0:51:28]} 22. Ng5 {[%clk 0:32:23]} Rfd8 {[%clk 0:50:07]}
23. Qd2 {[%clk 0:31:30]} Bh6 {[%clk 0:49:50]} 24. Nh3 {[%clk 0:31:15]} Nd4
{[%clk 0:49:35]} 25. Rxc8 {[%clk 0:29:10]} Rxc8 {[%clk 0:49:42]} 26. Re1 {[%clk
0:28:53]} Rc2 {[%clk 0:49:51]} 27. Qb4 {[%clk 0:27:46]} d2 {[%clk 0:48:53]} 28.
Rd1 {[%clk 0:27:06]} Ne2+ {[%clk 0:48:06]} 29. Kf1 {[%clk 0:27:00]} Nxg3+
{[%clk 0:48:24]} 30. hxg3 {[%clk 0:27:15]} Qd3+ {[%clk 0:48:36]} 31. Kg1 {[%clk
0:27:25]} Bxe3+ {[%clk 0:48:36]} 32. Kh2 {[%clk 0:27:31]} Qe2 {[%clk 0:47:58]}
33. Ra1 {[%clk 0:27:09]} Rc1 {[%clk 0:48:03]} 34. Rxc1 {[%clk 0:27:14]} dxc1=Q
0-1

[Event "DEM U12w 2021"]
[Site "Willingen GER"]
[Date "2021.08.23"]
[Round "1"]
[White "Burlutskaia, Maria"]
[Black "Abram, Kristina-Maria"]
[Result "1-0"]
[Termination "normal"]
[Board "19"]
[WhiteElo "1337"]
[BlackElo "1009"]
[WhiteClock "01:08:33"]
[BlackClock "01:17:51"]
[PlyCount "91"]
[WhiteFideId "34607137"]
[BlackFideId "16298349"]
[EventCountry "GER"]
[EventRounds "9"]
[EventType "swiss"]
[EventDate "2021.08.22"]

1. e4 {[%clk 1:30:56]} e5 {[%clk 1:30:48]} 2. Nf3 {[%clk 1:31:22]} Nc6 {[%clk
1:30:59]} 3. d4 {[%clk 1:31:45]} exd4 {[%clk 1:31:12]} 4. Bc4 {[%clk 1:32:07]}
Bc5 {[%clk 1:30:58]} 5. c3 {[%clk 1:32:27]} Nf6 {[%clk 1:30:14]} 6. e5 {[%clk
1:30:59]} Qe7 {[%clk 1:29:14]} 7. O-O {[%clk 1:30:40]} Ng4 {[%clk 1:28:33]} 8.
h3 {[%clk 1:29:21]} Ngxe5 {[%clk 1:27:27]} 9. Nxe5 {[%clk 1:29:41]} Nxe5 {[%clk
1:27:43]} 10. cxd4 {[%clk 1:30:03]} O-O {[%clk 1:27:13]} 11. dxe5 {[%clk
1:30:00]} d6 {[%clk 1:26:34]} 12. exd6 {[%clk 1:30:15]} Bxd6 {[%clk 1:26:11]}
13. Re1 {[%clk 1:29:57]} Qf6 {[%clk 1:26:17]} 14. Nc3 {[%clk 1:30:02]} Rd8
{[%clk 1:25:42]} 15. Qe2 {[%clk 1:24:03]} Qg6 {[%clk 1:24:00]} 16. Bd3 {[%clk
1:24:19]} Bf5 {[%clk 1:21:02]} 17. Bxf5 {[%clk 1:24:23]} Qxf5 {[%clk 1:21:16]}
18. Qe4 {[%clk 1:23:05]} Re8 {[%clk 1:20:53]} 19. Qxe8+ {[%clk 1:21:40]} Rxe8
{[%clk 1:21:05]} 20. Rxe8+ {[%clk 1:22:01]} Bf8 {[%clk 1:21:18]} 21. b3 {[%clk
1:19:28]} Qd7 {[%clk 1:19:54]} 22. Rxf8+ {[%clk 1:16:20]} Kxf8 {[%clk 1:19:53]}
23. Ba3+ {[%clk 1:11:56]} Kg8 {[%clk 1:20:00]} 24. Rd1 {[%clk 1:12:10]} Qe8
{[%clk 1:19:35]} 25. Nd5 {[%clk 1:11:37]} h6 {[%clk 1:19:24]} 26. Be7 {[%clk
1:04:40]} c6 {[%clk 1:19:07]} 27. Nf6+ {[%clk 1:05:01]} gxf6 {[%clk 1:17:29]}
28. Rd8 {[%clk 1:05:23]} Qxd8 {[%clk 1:17:34]} 29. Bxd8 {[%clk 1:05:47]} Kg7
{[%clk 1:17:48]} 30. g4 {[%clk 1:05:00]} b5 {[%clk 1:17:37]} 31. Kg2 {[%clk
1:04:18]} c5 {[%clk 1:17:49]} 32. Kf3 {[%clk 1:04:08]} Kg6 {[%clk 1:17:15]} 33.
Ke4 {[%clk 1:03:56]} h5 {[%clk 1:17:09]} 34. f4 {[%clk 1:04:13]} hxg4 {[%clk
1:16:56]} 35. hxg4 {[%clk 1:04:38]} a6 {[%clk 1:16:38]} 36. Kd5 {[%clk
1:05:00]} f5 {[%clk 1:16:49]} 37. gxf5+ {[%clk 1:04:59]} Kxf5 {[%clk 1:17:10]}
38. Bg5 {[%clk 1:05:22]} f6 {[%clk 1:16:08]} 39. Bxf6 {[%clk 1:05:47]} Kxf6
{[%clk 1:16:27]} 40. Kxc5 {[%clk 1:06:11]} Kf5 {[%clk 1:16:45]} 41. Kb6 {[%clk
1:06:37]} Kxf4 {[%clk 1:16:55]} 42. Kxa6 {[%clk 1:07:00]} Ke4 {[%clk 1:16:56]}
43. Kxb5 {[%clk 1:07:22]} Kd5 {[%clk 1:17:12]} 44. a4 {[%clk 1:07:45]} Kd6
{[%clk 1:17:34]} 45. Kb6 {[%clk 1:08:08]} Kd7 {[%clk 1:17:51]} 46. Kb7 {[%clk
1:08:33]} 1-0